<?xml version="1.0" encoding="UTF-8"?>
<record
    xmlns:xsi="http://www.w3.org/2001/XMLSchema-instance"
    xsi:schemaLocation="http://www.loc.gov/MARC21/slim http://www.loc.gov/standards/marcxml/schema/MARC21slim.xsd"
    xmlns="http://www.loc.gov/MARC21/slim">

  <leader>00778cam a2200277   4500</leader>
  <controlfield tag="001">2537870</controlfield>
  <controlfield tag="003">yeezen</controlfield>
  <controlfield tag="005">20260106165230.0</controlfield>
  <controlfield tag="008">250822s2025    ch a   e b    001 0 chi d</controlfield>
  <datafield tag="020" ind1=" " ind2=" ">
    <subfield code="a">9789861948416</subfield>
    <subfield code="q">(&#x5E73;&#x88DD;) :</subfield>
    <subfield code="c">&#x65B0;&#x81FA;&#x5E63;800&#x5143;</subfield>
  </datafield>
  <datafield tag="040" ind1=" " ind2=" ">
    <subfield code="a">SAN</subfield>
    <subfield code="b">chi</subfield>
    <subfield code="c">&#x6843;&#x5E02;&#x5716;</subfield>
    <subfield code="e">CCR</subfield>
  </datafield>
  <datafield tag="041" ind1="0" ind2=" ">
    <subfield code="a">chi</subfield>
  </datafield>
  <datafield tag="042" ind1=" " ind2=" ">
    <subfield code="a">nbic</subfield>
  </datafield>
  <datafield tag="084" ind1=" " ind2=" ">
    <subfield code="a">419.8234</subfield>
    <subfield code="b">1227</subfield>
    <subfield code="2">ncsclt</subfield>
  </datafield>
  <datafield tag="090" ind1=" " ind2=" ">
    <subfield code="a">419.8234</subfield>
    <subfield code="b">1227</subfield>
  </datafield>
  <datafield tag="100" ind1="1" ind2=" ">
    <subfield code="a">&#x5B6B;&#x79C0;&#x537F;</subfield>
    <subfield code="e">&#x4F5C;</subfield>
  </datafield>
  <datafield tag="245" ind1="1" ind2="0">
    <subfield code="a">&#x816B;&#x7624;&#x8B77;&#x7406;&#x5B78; =</subfield>
    <subfield code="b">Oncology nursing /</subfield>
    <subfield code="c">&#x5B6B;&#x79C0;&#x537F;&#x7B49;&#x4F5C;</subfield>
  </datafield>
  <datafield tag="246" ind1="1" ind2="1">
    <subfield code="a">Oncology nursing.</subfield>
  </datafield>
  <datafield tag="250" ind1=" " ind2=" ">
    <subfield code="a">&#x4E00;&#x7248;</subfield>
  </datafield>
  <datafield tag="260" ind1=" " ind2=" ">
    <subfield code="a">&#x81FA;&#x5317;&#x5E02; :</subfield>
    <subfield code="b">&#x83EF;&#x674F;,</subfield>
    <subfield code="c">2025.06</subfield>
  </datafield>
  <datafield tag="300" ind1=" " ind2=" ">
    <subfield code="a">[16], 552, 6&#x9762; :</subfield>
    <subfield code="b">&#x5716; ;</subfield>
    <subfield code="c">26&#x516C;&#x5206;</subfield>
  </datafield>
  <datafield tag="504" ind1=" " ind2=" ">
    <subfield code="a">&#x542B;&#x53C3;&#x8003;&#x66F8;&#x76EE;&#x53CA;&#x7D22;&#x5F15;</subfield>
  </datafield>
  <datafield tag="650" ind1=" " ind2="7">
    <subfield code="a">&#x816B;&#x7624;&#x8B77;&#x7406;</subfield>
    <subfield code="2">lcstt.</subfield>
  </datafield>
  <datafield tag="650" ind1=" " ind2="7">
    <subfield code="a">&#x764C;&#x75C7;</subfield>
    <subfield code="2">lcstt.</subfield>
  </datafield>
  <datafield tag="942" ind1=" " ind2=" ">
    <subfield code="2">ccl</subfield>
    <subfield code="c">LNTERM</subfield>
  </datafield>
  <datafield tag="999" ind1=" " ind2=" ">
    <subfield code="c">7679</subfield>
    <subfield code="d">7679</subfield>
  </datafield>
  <datafield tag="952" ind1=" " ind2=" ">
    <subfield code="0">0</subfield>
    <subfield code="1">0</subfield>
    <subfield code="2">ccl</subfield>
    <subfield code="4">0</subfield>
    <subfield code="7">0</subfield>
    <subfield code="a">yeezen</subfield>
    <subfield code="b">yeezen</subfield>
    <subfield code="c">P007</subfield>
    <subfield code="d">2026-01-06</subfield>
    <subfield code="l">2</subfield>
    <subfield code="m">1</subfield>
    <subfield code="o">419.8234</subfield>
    <subfield code="p">C03265</subfield>
    <subfield code="q">2026-06-30</subfield>
    <subfield code="r">2026-03-24 00:00:00</subfield>
    <subfield code="s">2026-03-24</subfield>
    <subfield code="w">2026-01-06</subfield>
    <subfield code="y">LNTERM</subfield>
  </datafield>
</record>
